História e cultura afro brasileira e indígena / (Record no. 1021)

MARC details
000 -LÍDER
Campo Fixo de Controle 00922nam a2200253 a 4500
001 - NÚMERO DE CONTROLE
Campo de Controle 1021
003 - IDENTIFICAÇÃO DO NÚMERO DE CONTROLE
Campo de Controle BR-CuiBMT
005 - DATA E HORA DA ÚLTIMA ATUALIZAÇÃO
Campo de Controle 20231126010342.0
008 - DADOS FIXOS
Dados Fixos 231126s2008 prba 000 0 por d
020 ## - INTERNATIONAL STANDARD BOOK NUMBER
Nº do ISBN 9788598008882
040 ## - AGÊNCIA CATALOGADORA
Código da Agência Catalogadora BR-CuiBMT
Agência que transcreveu o registro BR-CuiBMT
080 ## - Nº DA CLASSIFICAÇÃO DECIMAL UNIVERSAL
Nº edição CDU 2007
Nº Class. CDU 572.9
Subd. Auxiliar Comum (=11/=8)
-- (091)
090 ## - NÚMERO DE CHAMADA
Nº classificação 572.9(=11/=8)(091)
Cutter S586h
Ano/Edição 2. ed.
100 1# - ENTRADA PRINCIPAL -- AUTOR PESSOAL
Nome pessoal Silva, André Marcos de Paula e
245 10 - TÍTULO PRINCIPAL
Título principal História e cultura afro brasileira e indígena /
Indicação de responsabilidade [André Marcos de Paula e Silva ; atualizações Adriano Sachweh].
250 ## - EDIÇÃO
Edição 2. ed.
260 ## - PUBLICAÇÃO, DISTRIBUIÇÃO, ETC.
Local de publicação Curitiba :
Editora Expoente,
Data c2008.
300 ## - DESCRIÇÃO FÍSICA
N. páginas ou volumes 224 p. :
Ilustrações il., color. ;
Dimensões 21 cm
504 ## - NOTA DE BIBLIOGRAFIA, ETC.
Nota de bibliografia Inclui bibliografia.
650 ## - ASSUNTO TÓPICO
Cabeçalho tópico ou nome geográfico Civilização brasileira
Subdivisão geral Relações étnicas
-- História
650 ## - ASSUNTO TÓPICO
Cabeçalho tópico ou nome geográfico Civilização brasileira
Subdivisão geral Influências africanas
-- História
650 ## - ASSUNTO TÓPICO
Cabeçalho tópico ou nome geográfico Civilização brasileira
Subdivisão geral Influências indígenas
-- História
942 ## - ELEMENTOS DE ENTRADA ADICIONAIS (KOHA)
Fonte de classificação ou esquema de arquivamento Classificação Decimal Universal
Tipo de item do Koha Livros
Holdings
Estado: removido Estado: perdido Fonte de classificação ou esquema de arquivamento Estado: danificado Indisponível para empréstimo Localização permanente Localização atual Data de aquisição Total Checkouts Número de Chamada completo Código de barras Date last seen Número do exemplar Preço efetivo a partir de Tipo de item (Koha)
    Classificação Decimal Universal     Biblioteca da Escola Superior de Contas do TCE/MT Biblioteca da Escola Superior de Contas do TCE/MT 26/11/2023   572.9(=11/=8)(091) S586h 2. ed. BIBTCEMT23111109 26/11/2023 Ex. 1 26/11/2023 Livros

Powered by Koha